Tratados y convenios internacionales y sus impactos sobre semillas y la economía campesinas /
Spremljeno u:
| Glavni autor: | |
|---|---|
| Format: | Knjiga |
| Jezik: | Spanish |
| Oznake: |
Dodaj oznaku
Bez oznaka, Budi prvi tko označuje ovaj zapis!
|
MARC
| LEADER | 00000nam a22000007a 4500 | ||
|---|---|---|---|
| 003 | cru CIDCACS/IIS | ||
| 005 | 20191129155306.0 | ||
| 007 | ta | ||
| 008 | 191129s2017 cr |||||r|||||||| ||spa|d | ||
| 999 | |c 42682 |d 42682 | ||
| 040 | |c cru CIDCACS/IIS | ||
| 100 | 1 | |9 5585 |a Rodríguez Cervantes, Silvia | |
| 245 | 1 | |a Tratados y convenios internacionales y sus impactos sobre semillas y la economía campesinas / |c Silvia Rodríguez Cervantes | |
| 300 | |a páginas 65-75 | ||
| 942 | |2 ddc |c PP | ||
| 773 | 0 | |0 19251 |9 2907 |a Universidad Nacional de Costa Rica. |d Heredia, Costa Rica UNA; EUNA |o 17046 |t Perspectivas Rurales / | |
